Mikroelektronika a prístrojová technika návody na cvičenia

Bibliographic Details
Main Author: Švec, Anton (Author)
Format: Book
Language:Slovak
PhysicalDescription:103 strán grafy, schémy, tabuľky 30 cm
Published: V Bratislave Univerzita Komenského 1990
ISBN:8022303046
Edition:1. vyd.
Series:Vysokoškolské skriptá
Subjects:

MARC

LEADER 00000cam a2200000 a 4500
001 vtls001063474
003 SK-MaSNL
005 20260302085819.0
008 240509s1990 xo dl frp 000 0 slo
015 |a SNBA1990/10 
020 |a 8022303046  |q (brožované) 
035 |a SNK000006303 
035 |a urn:nbn:sk:snk-amlhen 
035 |a urn:nbn:sk:snk-am00bqnh 
035 |a D345EDF9-9F9D-4DB9-B78A-660708FE6CEB 
040 |a SNK  |b slo  |c SNK  |e AACR2 
041 0 |a slo 
044 |a xo  |c SK 
072 7 |a 621.3  |x Elektrotechnika  |2 konspekt 
072 7 |a 37.016  |x Učebné osnovy. Vyučovacie predmety. Učebnice  |2 konspekt 
080 |a 621.3.049.77  |2 2011 
080 |a 621.38.08  |2 2011 
080 |a (076.5)  |2 2011 
080 |a (075.8)  |2 2011 
100 1 |a Švec, Anton  |4 aut  |9 5305 
245 1 0 |a Mikroelektronika a prístrojová technika  |b návody na cvičenia  |c Anton Švec 
250 |a 1. vyd. 
260 |a V Bratislave  |b Univerzita Komenského  |c 1990 
300 |a 103 strán  |b grafy, schémy, tabuľky  |c 30 cm 
366 |e 500 kusov 
490 1 |a Vysokoškolské skriptá 
500 |a Obsahuje 14 kapitol 
500 |a Vydala Prírodovedecká fakulta Univerzity Komenského 
650 0 7 |a mikroelektronika  |2 SNKPH  |9 30923 
650 0 7 |a prístrojová technika  |2 SNKPH  |9 276788 
650 0 7 |a elektronické merania  |2 SNKPH  |9 82147 
655 7 |a praktické cvičenia  |2 SNKPH  |9 70517 
655 7 |a učebnice vysokých škôl  |2 SNKPH  |9 70191 
710 2 |a Univerzita Komenského v Bratislave.  |b Prírodovedecká fakulta  |4 pbl 
740 0 2 |a Meranie pasívnych elektrických súčiastok 
740 0 2 |a Meranie na polovodičových súčiastkach 
740 0 2 |a Logické integrované obvody 
740 0 2 |a Analógové integrované obvody 
740 0 2 |a Malý školský hybridný analógový počítač MEDA 50 
740 0 2 |a Vytvárenie zložitejších funkčných obvodov 
740 0 2 |a Modelovanie sústav a procesov 
740 0 2 |a Riešenie rovníc a systémov rovníc 
740 0 2 |a Vstupné a výstupné obvody číslicových zariadení 
740 0 2 |a Hybridný výpočtový systém MEDA 50 - PMD 85 
740 0 2 |a Číslicovo - analógový a analógovo - číslicové prevodníky 
740 0 2 |a Osobný mikropočítač PMD 85 
740 0 2 |a Programový súbor MRS 
740 0 2 |a Meranie elektrických napätí a prúdov 
810 2 |a Univerzita Komenského v Bratislave.  |b Prírodovedecká fakulta  |t Vysokoškolské skriptá  |9 276765 
852 |a Slovenská národná knižnica 
919 |a 80-223-0304-6 
954 |a odborná, vedecká literatúra pôvodná (slovenská)  |2 lita 
958 |a EUIPO 
958 |a RK 
958 |a TL 
958 |a OND 
958 |a UV 
999 |c 1193933  |d 1195863 
952 |a SNK  |b SNK  |y VYP  |7 0  |p 17A0149851  |o snkSB 47570 D1  |0 0  |1 0  |4 0  |d 1998-07-15  |l 0  |r 2004-12-31 00:00:00  |w 2026-02-24 
952 |a SNK  |b SNK  |y PREZ  |7 0  |p 17A0873662  |o snkSB 47570  |i snkKSP 509/91  |0 0  |1 0  |4 0  |d 2012-07-09  |f 1  |l 0  |r 2025-02-13 00:00:00  |w 2026-02-24